Ivory in gold : (Record no. 38669)

MARC details
000 -LEADER
fixed length control field 01703nam a22002777a 4500
005 - DATE AND TIME OF LATEST TRANSACTION
control field 2010080206136.0
010 ## - LCCN (DPL NO)
LC control number ENG-97643 B-424882-884
020 ## - INTERNATIONAL STANDARD BOOK NUMBER
International Standard Book Number 9788184351286
Terms of availability 625.00
035 ## - SYSTEM CONTROL NUMBER
System control number EN-81176
035 ## - SYSTEM CONTROL NUMBER
System control number B-424882-884
037 ## - SOURCE OF ACQUISITION
Source of stock number/acquisition DBAD/PUB
037 ## - SOURCE OF ACQUISITION
Source of stock number/acquisition Researchco Book Centre
082 ## - DEWEY DECIMAL CLASSIFICATION NUMBER
Classification number 809.933822943
100 ## - MAIN ENTRY--PERSONAL NAME
Personal name Barat, Ananda Prabha
245 ## - TITLE STATEMENT
Title Ivory in gold :
Remainder of title a study of keats, huxley, kerouac raja rao,ginsberg /
Statement of responsibility, etc by Ananda Prabha Barat
260 ## - PUBLICATION, DISTRIBUTION, ETC. (IMPRINT)
Place of publication, distribution, etc New Delhi
Name of publisher, distributor, etc Adhyayan Publishers
Date of publication, distribution, etc 2009
270 ## - ADDRESS
Address 4378/4B,105, JMD House, Murari Lal Street, Ansari Road, Darya Ganj
City New Delhi
Postal code 110002
300 ## - PHYSICAL DESCRIPTION
Extent xvi,188p.
Dimensions 22cm (Hb)
500 ## - GENERAL NOTE
General note Includes bibliographical refrences and index
942 ## - ADDED ENTRY ELEMENTS (KOHA)
Source of classification or shelving scheme Dewey Decimal Classification
Item type English Books
Classification part 809.933822943
Call number suffix BAR
Holdings
Withdrawn status Lost status Not for loan Collection code Home library Current library Date acquired Source of acquisition Cost, normal purchase price Full call number Barcode Copy number Cost, replacement price Koha item type
      Non-fiction Central Library Central Library 09/08/2011 Researchco Book Centre/RBC-22386/2011-12/14.3.11/76/4.3.11/23.3.11 625.00 809.933822943 BAR B-424882 2 625.00 English Books
      Non-fiction Central Library Central Library 09/08/2011 Researchco Book Centre/RBC-22386/2011-12/14.3.11/76/4.3.11/23.3.11 625.00 809.933822943 BAR B-424883 2 625.00 English Books
    Not For Loan Non-fiction D.B.Act.Division D.B.Act.Division 02/08/2010 DBAD/PUB 625.00 809.933822943 BAR EN-81176 1 625.00 English Books
      Non-fiction Shahdara Branch Shahdara Branch 09/08/2011 Researchco Book Centre/RBC-22386/2011-12/14.3.11/76/4.3.11/23.3.11 625.00 809.933822943 BAR B-424884 1 625.00 English Books

© Delhi Public Library
Hit Counter
free hit counter